[Event "Vescovato Gerolamo op-B 13th"]
[Site "Vescovato"]
[Date "2014.04.27"]
[Round "6"]
[White "Gallani, Angelo"]
[Black "Mantovani, Celso"]
[Result "0-1"]
[WhiteElo "1476"]
[BlackElo "1026"]
[PlyCount "88"]
[EventDate "2014.04.25"]
[EventType "swiss"]
[EventRounds "6"]
[EventCountry "ITA"]
[SourceTitle "EXT 2024"]
[Source "ChessBase"]
[SourceDate "2023.10.10"]
[SourceVersion "1"]
[SourceVersionDate "2023.10.10"]
[SourceQuality "1"]

1. d4 e6 2. c4 Nf6 3. Nf3 d6 4. Bg5 Be7 5. Nc3 c6 6. e3 Qc7 7. Bd3 e5 8. 0-0 Bg4 9. h3 Bh5 10. Re1 Bg6 11. Bxg6 fxg6 12. Qc2 Nbd7 13. Nd2 Nf8 14. Bxf6 gxf6 15. dxe5 dxe5 16. f4 b6 17. Rf1 Nd7 18. f5 g5 19. e4 Bc5+ 20. Kh1 0-0-0 21. Nb3 Be3 22. Rad1 h5 23. Rf3 Bf4 24. g3 a5 25. Rfd3 Rh7 26. Kg2 Rg7 27. Nd2 Nc5 28. Rxd8+ Qxd8 29. Nf1 Qg8 30. Rd6 Kc7 31. Qd1 Qa8 32. Rxf6 Rd7 33. Qxh5 Bxg3 34. Qxg5 Bf4 35. Qg4 Kb7 36. Rg6 Qc8 37. Rg7 Qd8 38. Rxd7+ Qxd7 39. Qg6 Kc7 40. f6 Qe6 41. Qg7+ Nd7 42. Qe7 Qxc4 43. f7 Qb4 44. Kf3 Qxe7 0-1